000 00667nam a2200205 a 4500
001 000017094
005 20260430094107.0
008 100317s1985 dr ac r 000 0 spa d
040 _aDO-SdBNP
_bspa
_cBNPHU
082 _a796.407
_bG216f
100 1 _aGarcía-García, Apolinar
_d1931-
_937686
245 1 0 _aFragmentos de el atleta /
_cApolinar García-García.
260 _aSanto Domingo :
_bTaller,
_c1985.
300 _a105 p. :
_bil., retr. ;
_c24 cm.
500 _aIncluye datos biográficos del autor
590 _aInventariado, 2018/BT
650 0 _aAtletismo
_937687
650 4 _aEntrenamiento atletico
_936890
910 _aValidado. Control de calidad. MFF
999 _c16620
_d16620